000 00556nam a2200145 4500
001 117491
003 ES-MaACL
007 t|
008 070214s1913 it r ||||1| ita d
100 1 _aPannese, Gerardo.
_988806
245 1 0 _aStoria della Pedagogia Italliana
_b: in rapporto con le condizioni Politiche, Letterarie, Filosofiche, Artistiche e Religiose avanti l'epoca di Roma a tutto il secolo XIX /
_cProf. Gerardo Pannese.
260 _aRoma :
_bCasa Editrice Italo-Irlandese,
_c1913.
300 _aVII, 574 p. ;
_c27 cm.
852 _aES-MaACL
_jG-3329
999 _c117491
_d117491